Construction Project Scheduling and Control / (Record no. 616259)

000 -LEADER
fixed length control field 00514nam a22001817a 4500
003 - CONTROL NUMBER IDENTIFIER
control field NUST
005 - DATE AND TIME OF LATEST TRANSACTION
control field 20260217111731.0
008 - FIXED-LENGTH DATA ELEMENTS--GENERAL INFORMATION
fixed length control field 260217b ||||| |||| 00| 0 eng d
020 ## - INTERNATIONAL STANDARD BOOK NUMBER
International Standard Book Number 978-0470505335
082 ## - DEWEY DECIMAL CLASSIFICATION NUMBER
Classification number 690.068
Author Mark MUB
100 ## - MAIN ENTRY--PERSONAL NAME
Personal name Saleh A. Mubarak.
9 (RLIN) 133290
245 ## - TITLE STATEMENT
Title Construction Project Scheduling and Control /
Statement of responsibility, etc. Saleh A. Mubarak.
250 ## - EDITION STATEMENT
Edition statement 2nd Edition.
260 ## - PUBLICATION, DISTRIBUTION, ETC.
Place of publication, distribution, etc. New Jersey:
Name of publisher, distributor, etc. John Wiley & Sons,
Date of publication, distribution, etc. 2010.
300 ## - PHYSICAL DESCRIPTION
Extent xvii, 456 p ;
Dimensions 34.7 cm
563 ## - BINDING INFORMATION
Binding note Hardcover
942 ## - ADDED ENTRY ELEMENTS (KOHA)
Source of classification or shelving scheme
Koha item type Book
Holdings
Withdrawn status Lost status Source of classification or shelving scheme Damaged status Not for loan Permanent Location Current Location Date acquired Total Checkouts Full call number Barcode Date last seen Price effective from Koha item type
          Institute of Geographical Information Systems (IGIS) Institute of Geographical Information Systems (IGIS) 02/17/2026   690.068 MUB IGIS-1366 02/17/2026 02/17/2026 Book
          Institute of Geographical Information Systems (IGIS) Institute of Geographical Information Systems (IGIS) 02/17/2026   690.068 MUB IGIS-1367 02/17/2026 02/17/2026 Book
© 2023 Central Library, National University of Sciences and Technology. All Rights Reserved.